Batman Villains - Statistics

General Stats
  • This quiz has been taken 149 times
  • The average score is 13 of 20
Answer Stats
Picture Answer % Correct
Joker
100%
Mr. Freeze
95%
Penguin
95%
Two-Face
95%
Poison Ivy
88%
Harley Quinn
87%
Bane
82%
Riddler
78%
Clayface
70%
Man-Bat
70%
Scarecrow
69%
Mad Hatter
68%
Ra's al Ghul
66%
Hush
62%
Firefly
60%
Killer Moth
47%
King Tut
33%
Onomatopoeia
17%
Bookworm
10%
Mr. Bloom
10%
No matching quizzes found
Score Distribution
Percent of People with Each Score
Percentile by Number Answered
Your Score History
You have not taken this quiz